|
|
|
|
| LEADER |
00000ntmaa2200000 a 4500 |
| 001 |
vtls012018584 |
| 003 |
SK-MaSNL |
| 005 |
20260301104107.0 |
| 008 |
230802q1701 xx || 000 1 lat |
| 035 |
|
|
|a urn:nbn:sk:snk-tm00fgpm
|
| 035 |
|
|
|a urn:nbn:sk:snk-tm3n462
|
| 035 |
|
|
|a CD2874BF-725B-4A28-90DC-EF6B1F2413B5
|
| 040 |
|
|
|a SNKLA
|b slo
|c SNKLA
|e AACR2
|
| 041 |
0 |
|
|a lat
|
| 044 |
|
|
|a xx
|
| 072 |
|
7 |
|a 347
|x Súkromné právo
|2 konspekt
|
| 080 |
|
|
|a 025.171
|2 2011
|
| 080 |
|
|
|a (439.2)
|2 2011
|
| 245 |
0 |
0 |
|a Praecognita
|
| 260 |
|
|
|a [Miesto vzniku nie je známe]
|c [medzi 1701 a 1800?]
|
| 300 |
|
|
|a 162 strán
|b rukopis, viazaný
|c 21 cm
|
| 500 |
|
|
|a Chybné číslovanie strán
|
| 500 |
|
|
|a Na chrbte knihy atramentovým perom číslo 130.
|
| 500 |
|
|
|a Bez titulného listu, začína obsahom; koniec chýba
|
| 500 |
|
|
|a Názov podľa pôvodného spracovania
|
| 520 |
2 |
|
|a Príručka uhorského občianskeho práva
|
| 555 |
0 |
|
|a Inventár rukopisov Literárneho archívu Matice slovenskej XII. Fondy 61 - 70. Martin : Matica slovenská 1983
|
| 610 |
2 |
7 |
|a Verejná knižnica malohontského seniorátu (Rimavská Sobota, Slovensko)
|2 SNKKA
|9 302470
|
| 610 |
2 |
7 |
|a Učená spoločnosť malohontská
|2 SNKKA
|9 205374
|
| 650 |
0 |
7 |
|a občianske právo
|2 SNKPH
|9 981
|
| 651 |
|
7 |
|a Uhorsko
|2 SNKPH
|9 28673
|
| 655 |
|
7 |
|a rukopisy
|2 SNKPH
|9 70548
|
| 852 |
|
|
|a Slovenská národná knižnica
|b Literárny archív
|
| 958 |
|
|
|a OF
|
| 958 |
|
|
|a LAVD
|
| 999 |
|
|
|c 697232
|d 699162
|
| 952 |
|
|
|a SNKLA
|b SNKLA
|c SNKLA_DEP
|y NEVYP
|7 0
|p 17A1312013
|o snk63 F 6
|0 0
|1 0
|4 0
|d 2021-03-17
|f 1
|l 0
|r 2026-02-23 20:46:06
|w 2026-02-23
|